[Event "Budapest FS07 GM"]
[Site "Budapest"]
[Date "2003.07.12"]
[Round "8"]
[White "Thorfinnsson, Bragi"]
[Black "Postny, Evgeny"]
[Result "1/2-1/2"]
[WhiteElo "2373"]
[BlackElo "2499"]
[Annotator "Postny,E"]
[PlyCount "63"]
[EventDate "2003.07.05"]
[EventType "tourn"]
[EventRounds "11"]
[EventCountry "HUN"]
[EventCategory "7"]
[SourceTitle "CBM 095 Extra"]
[Source "ChessBase"]
[SourceDate "2003.09.04"]
[SourceVersion "1"]
[SourceVersionDate "2003.09.04"]
[SourceQuality "1"]

1. Nf3 d5 2. d4 Nf6 3. c4 dxc4 4. Nc3 a6 5. a4 ({More ambitious way of play is
} 5. e4 b5 6. e5 Nd5 7. a4) 5... Nc6 {Black is intending to defend the Pc4 by
Nc6-a5.} 6. a5 {[%csl Ra5] A rare move in this position. White is preventing
black's Na5 possibility, but the pawn on a is highly vulnerable and actually
doomed to fall.} ({Mainly appeared in practice} 6. e4 Bg4 7. Be3) ({or} 6. e3
Na5 7. Ne5) 6... e6 7. e4 Bb4 8. Bg5 h6 9. Bxf6 Qxf6 10. Bxc4 (10. e5 Qe7 11.
Bxc4 O-O 12. Qe2 Nxa5 13. Bd3 Bd7 14. Qe4 g6 15. Qf4 Kg7 16. O-O Bxc3 17. bxc3
Bb5 18. Bxb5 axb5 19. Rab1 c6 $15 {0-1 Garcia,A-Ibragimov,I/Groningen 1994/EXT
97 (49)}) 10... O-O 11. O-O {White is losing the Pa5, but hoping to use his
superiority in the centre.} Rd8 $146 (11... Bxa5 12. Ne2 Bb6 13. e5 Qe7 14. Qd3
Nb4 15. Qe4 Bd7 16. Ra3 Bc6 17. Qg4 Rad8 $17 {0-1 Autenrieth,M-Hertneck,G/
Germany 1985/GER-chT (43)}) 12. e5 Qe7 13. Qd3 (13. Bd3 $5 {[%cal Yd3c2,Yd1d3]}
) 13... Bxa5 14. Qe4 Bb6 (14... Qb4 $6 15. d5 $36) 15. Bd3 g6 16. d5 exd5 17.
Nxd5 Qf8 $6 (17... Qc5 $1 18. Nf6+ Kg7 19. Rac1 Qb4 $15) 18. Bc4 $1 $44 {
Threatening 19.Nxb6 followed by 20.Qxg6+.} Bf5 19. Qf4 ({The alternative move
is} 19. Qh4) 19... Be6 20. Rad1 (20. Nf6+ Kg7 21. Bxe6 fxe6 22. Qg4 Qf7 23.
Nh5+ Kh7 24. Nf6+ Kg7 25. Nh5+ $11) 20... Kh8 21. h4 Qg7 22. Rd2 Ba5 23. Rd3 b5
24. Bb3 ({Safer is} 24. Ba2) 24... Nb4 $6 ({Another critical line was} 24...
Ne7 25. Rfd1 Bf5 (25... c6 26. Nxe7 Bxb3 27. Rxd8+ Bxd8 28. Rd7 Be6 29. Rb7 $44
) (25... c5 26. Nxe7 Bxb3 27. Rxd8+ Bxd8 (27... Rxd8 28. Rxd8+ Bxd8 29. Nc6 Bc7
30. Qe3) 28. Rd7 Be6 29. Rb7) (25... Nxd5 26. Bxd5 Bxd5 27. Rxd5 $44) 26. Nxe7
Rxd3 27. Nxf5 Rxd1+ 28. Bxd1 gxf5 29. Nd4 $44) 25. Nxb4 Rxd3 26. Bxe6 $1 {
[%mdl 512]} ({Another possibility was} 26. Nxd3 Bxb3 27. Nc5 Bd5 28. Rd1 c6 29.
Rxd5 cxd5 30. e6 {with unclear consequences.}) 26... Bxb4 27. Bxf7 Rdd8 (27...
Rf8 $2 28. e6 Bd6 29. Qe4 {[%csl Rd3]} Rb3 30. e7 Qxf7 31. Ne5 Bxe5 32. Qxe5+
Kg8 33. exf8=Q+ Kxf8 34. Rc1 $40) 28. e6 Bd6 29. Qe4 Qf6 30. h5 ({It was
possible to capture the pawn} 30. Bxg6 $13) 30... g5 (30... gxh5 $6 31. Nh4 {
[%csl Rh8]}) 31. Re1 Rf8 32. Bg6 {Here in mutual time-trouble draw was agreed.}
(32. Bg6 Be7 33. Bf7 Bd6 $11) 1/2-1/2

[Event "ISR-ch 34th"]
[Site "Haifa"]
[Date "2008.12.02"]
[Round "2"]
[White "Postny, Evgeny"]
[Black "Nabaty, Tamir"]
[Result "1-0"]
[WhiteElo "2674"]
[BlackElo "2456"]
[Annotator "Postny,E"]
[PlyCount "71"]
[EventDate "2008.12.01"]
[EventType "swiss"]
[EventRounds "9"]
[EventCountry "ISR"]
[SourceTitle "CBM 127 Extra"]
[Source "ChessBase"]
[SourceDate "2009.01.08"]
[SourceVersion "2"]
[SourceVersionDate "2009.01.28"]
[SourceQuality "1"]

1. d4 d5 2. Nf3 c5 3. c4 dxc4 4. d5 Nf6 5. Nc3 {This position arises more
often after a different order of moves: 1.d4 d5 2.c4 dxc4 3.Nf3 Nf6 4.Nc3 c5 5.
d5.} e6 6. e4 exd5 7. e5 {White has to go for this, a recapture on d5 is not
promising at all.} Ne4 8. Qxd5 {I could barely remember my own game that I
played against this line. Basically, it's not an easy choice here for White,
all three captures are possible.} (8. Nxe4 dxe4 9. Qxd8+ Kxd8 10. Ng5 Be6 11.
Nxe6+ fxe6 12. Bxc4 Nc6 13. Bf4 Nd4 14. O-O-O Kc7 15. Rhe1 Be7 16. Rxe4 b5 17.
Bf1 Rhf8 18. Be3 Rad8 $11 {1-0 Postny,E (2499)-Reutsky,S (2307)/Budapest 2003/
CBM 095 ext (43). The knight on d4 compensates for White's pair of bishops.}) (
8. Nxd5 {This leads to a very messy fight.} b5 9. b3 Be6 10. bxc4 Nc6 11. Bd3
Qa5+ 12. Nd2 Nc3 13. Nb3 Nxd1+ 14. Nxa5 Nxe5 15. Nc7+ Kd7 16. Be4 Kxc7 17. Bxa8
Nc3 18. Bd2 Bd6 19. Bxc3 Rxa8 20. cxb5 Nd3+ 21. Ke2 Nf4+ 22. Kf1 Bf5 $44 {
0-1 Malakhatko,V (2559)-Sulava,N (2493)/San Marino 2006/CBM 112 ext (47)}) 8...
Nxc3 9. Qxd8+ Kxd8 10. bxc3 Nc6 11. Bxc4 Be6 ({It is not recommended for Black
to give his opponent a pair of bishops even at a price of a pawn:} 11... Bg4 $6
12. Bf4 Bxf3 $6 13. gxf3 Ke8 14. Rb1 b6 15. Ke2 $16) 12. Bxe6 fxe6 13. Ng5 Ke7
$5 $146 {A strange looking move, in fact not a bad one. After the coming ...
h7-h6 the black king will find a comfortable shelter on f7.} (13... Kd7 14. Be3
Nxe5 15. O-O-O+ Kc6 16. Bf4 (16. Nxe6 Re8 17. Nd8+ Kc7 18. Bf4 Bd6 $5 19. Rxd6
Kxd6 20. Nf7+ Ke6 21. Nxe5 Kf5 22. g3 Rxe5 $11 {Huzman}) 16... Ng6 17. Bg3 e5
18. Nf7 Rg8 19. h4 $1 h5 20. Rhe1 Be7 $1 21. Kc2 Bf6 22. Bxe5 Nxe5 23. Nxe5+
Bxe5 24. Rxe5 Raf8 25. f3 $14 {1/2-1/2 Dreev,A (2685)-Azmaiparashvili,Z (2670)/
Dos Hermanas 2001/CBM 083/[Huzman] (38)}) (13... Nxe5 $2 14. f4 Nd3+ 15. Kd2
Nxc1 16. Nf7+ Kd7 17. Nxh8 Bd6 18. g3 $16) 14. f4 h6 (14... Rd8 $1 {would have
been more precise.}) 15. Ne4 Kf7 $6 ({Again, Black should seize the d-file as
soon as possible.} 15... b6 16. Be3 Rd8 $1) 16. Be3 b6 {Here my opponent
offered a draw. Obviously, it's too early to call it a day.} 17. Rd1 $6 {
Inaccuracy.} (17. O-O-O $1 {The main advantage of castling over the move in
the text is that my kingside rook could join the battle faster, while the king
on e1 is obstructing.} Be7 (17... Ke8 $1 $14 {is the least of the evils for
Black.}) 18. Rd7 Rhd8 19. Rc7 Na5 20. Nxc5 $1 bxc5 (20... Nc4 21. Bf2 Rac8 22.
Rxc8 Rxc8 23. Ne4 $16) 21. Bxc5 Re8 22. Bb4 $1 $16 {[%csl Ra5] I didn't see
this move during the game.}) 17... Be7 18. Rd7 Ke8 19. Rd3 (19. Rc7 $4 Na5 {
[%csl Rc7][%cal Ge8d8] and the rook is trapped.}) 19... Kf7 20. Ke2 Rhd8 21.
Rhd1 {White can't take any benefit from the d-file and has to acquiesce in
massive exchanges.} Rxd3 22. Rxd3 Rd8 23. Rxd8 Nxd8 24. g4 {A draw is,
obviously, the most likely result in this endgame. Still, White retains
certain pressure thanks to some space advantage.} Nc6 25. Kd3 g6 26. Nd2 h5 27.
gxh5 gxh5 28. Ke4 b5 (28... Kg6 {was possible. I intended to continue} 29. Nc4
{and then Nc4-a3-b5-c7 trying either to penetrate with a knight, or to provoke
some concession.}) 29. f5 exf5+ 30. Kxf5 a5 $6 {During the game I thought that
this is a losing move. Actually, the decisive mistake came a bit later.} (30...
c4 $1 {was the most precise way to escape.} 31. e6+ Ke8 32. Ke4 Bf6 {[%csl Rc3]
} 33. Kd5 Ne7+ 34. Kc5 Nf5 35. Bf4 Bxc3 36. Kxb5 Bxd2 37. Bxd2 Nd6+ 38. Ka6 Ke7
$11) 31. e6+ Kg7 $2 {This came a pleasant surprise to me. 31...Ke8 was
obligatory.} (31... Ke8 $1 32. Ke4 Bf8 $1 {A very strong defensive resource.
White's position looks very promising, but I don't see a win. Too little
material left on the board.} 33. Nb3 (33. Kd5 $2 Ne7+ {and the king has to
retreat.}) (33. c4 b4 34. Nb3 a4 35. Nxc5 b3 36. Nxb3 (36. axb3 $4 a3 $19 {
[%csl Ga3]}) 36... axb3 37. axb3 $11) (33. Nb1 a4 34. Bf2 b4 35. Kd5 Nd8 36.
Bxc5 Bxc5 37. Kxc5 b3 38. a3 Nxe6+ 39. Kb4 Ng5 40. Kxa4 Nf3 41. Kxb3 Nxh2 $11)
(33. Bg5 b4 34. Kd5 Ne7+ 35. Kc4 Nf5 36. Ne4 Nd6+ 37. Nxd6+ Bxd6 38. cxb4 cxb4
39. h3 a4 $11) 33... b4 34. Kd5 Ne7+ 35. Kc4 a4 36. Nxc5 Nf5 37. Bc1 (37. Bf2
b3 $1 38. Nxb3 (38. axb3 $4 a3 $19 {[%csl Ga3]}) 38... axb3 39. axb3 $11) 37...
Bxc5 38. Kxc5 bxc3 39. Kb4 c2 40. Kxa4 Nd4 41. Ka3 Ke7 42. Kb2 Kxe6 43. Be3 Nf3
44. h3 Ne1 45. Bd2 Nf3 46. Kxc2 Ng1 $11 {Black can just sacrifice his knight
for the h-pawn and then to run with the king to the a8 corner.}) 32. Ke4 $18 b4
(32... Bf6 33. Kd5 Ne7+ 34. Kxc5 Bxc3 35. Kxb5 Nf5 36. Kc6 $1 Nxe3 37. e7 Kf7
38. Kd7 $18) (32... Bf8 33. Bxc5 $1 Bxc5 34. Kd5 Be3 35. Kxc6 Bxd2 36. e7 Kf7
37. Kd7 $18 {This trick would not work ife Nabaty had played 31...Ke8.}) 33.
Kd5 Nd8 34. c4 {[%csl Rc5] Fixing the Pc5 as a target.} Kf6 35. Ne4+ Kf5 36.
Bxc5 1-0

[Event "Syre Memorial op 33th"]
[Site "Issy les Moulineaux"]
[Date "2010.05.15"]
[Round "4"]
[White "Guilleux, Fabien"]
[Black "Guliyev, Namig"]
[Result "1/2-1/2"]
[WhiteElo "2394"]
[BlackElo "2533"]
[Annotator "Primel,D"]
[PlyCount "36"]
[EventDate "2010.05.13"]
[EventType "swiss"]
[EventRounds "6"]
[EventCountry "FRA"]
[SourceTitle "EXT 2011"]
[Source "ChessBase"]
[SourceDate "2010.11.26"]
[SourceVersion "1"]
[SourceVersionDate "2010.11.26"]
[SourceQuality "1"]

1. d4 {01h30} d5 2. Nf3 Nf6 3. c4 dxc4 4. e3 e6 5. Bxc4 a6 6. O-O Nbd7 {
Le GMI tente d'éviter une préparation adverse sur la grande ligne qu'il joue
d'habitude} (6... c5 {la grande ligne} 7. Bb3 Nc6 {David,A (2587)-Guliyev,N 
(2534) Syre Memorial op 32nd 2009 (6) 1/2}) 7. a4 {[%csl Gb5]} b6 {Le plan
noir est solide mais un peu passif} 8. Nc3 Bb7 9. Re1 {Un carrefour important
pour les blancs qui ont plusieurs alternatives} (9. Qe2 {[%cal Gf1d1]} c5 10.
Rd1 Qc7 11. d5 exd5 12. Nxd5 Nxd5 13. Bxd5 Bxd5 14. Rxd5 {[%csl Re8]} Be7 15.
b3 Qb7 16. Rd3 O-O 17. Bb2 $14 {Ftacnik,L (2544)-Ganguly,S (2631) World op
36th 2008 (3) 1/2}) (9. e4 $5 {Les blancs ont des bonnes compensations si les
noirs acceptent le gambit} Nxe4 10. Nxe4 Bxe4 11. Ng5 {[%csl Re6]} Bg6 (11...
Bb7 $2 12. Bxe6 fxe6 13. Nxe6 $40) 12. Bxe6 $1 Be7 13. Bd5 Rc8 14. Nf3 (14. f4
{[%cal Gf4g5,Gf4f5]} O-O 15. Bb7 $36 {[%cal Gb7a6]}) 14... c6 {Wells,P (2521)
-Markowski,T (2598) EU-ch 9th Plovdiv 2008 (9) 0-1}) 9... Bb4 $1 {[%csl Ge4]
[%cal Gb4e1,Gf6e4] la réaction logique au plan des blancs de pousser "e4"} (
9... Ne4 10. Bd3 Ndf6 {Ragger,M (2561)-Godena,M (2530) EU-chT (Men) 17th 2009 
(4) 1/2}) 10. Qb3 {[%csl Re6][%cal Gb3b4,Gc4e6]} c5 11. e4 {01h28 Visiblement,
le français est toujours dans sa préparation puisqu'il a joué quasiment а
tempo l'ouverture.} O-O (11... cxd4 {la ligne critique selon Huzman} 12. Qxb4
dxc3 13. Qxc3 Bxe4 14. Bg5 h6 15. Bh4 {Huzman} (15. Rxe4 $5 {[%csl Re8] Non
mentionné par le GMI} hxg5 16. Rd4 $32 {[%cal Ga1d1]} g4 (16... Rc8 17. Nxg5)
17. Ne5 Qb8 {[%cal Gb8h2,Gh8h2]} (17... Qc7 18. Rxd7 $1 Nxd7 19. Bxe6 {[%csl
Rc7]}) 18. f4 {[%cal Gf4e5]} gxf3 19. Nxf3 {Il est difficile ensuite
d'améliorer la position noire car le OO ne serait pas trés logique dans cette
position et laisser le K au centre n'est pas non plus trés sain après le
doublement des R blanches sur la colonne "d"})) 12. e5 (12. d5 $5 exd5 13. exd5
b5 $1 $13) 12... Bxc3 ({RR} 12... Nd5 13. Rd1 Nxc3 14. bxc3 Bxf3 15. gxf3 Ba5
16. Be3) 13. bxc3 Nd5 14. Ng5 {[%csl Rh7][%cal Gb3c2,Ge1e4,Ge4h4]} h6 15. Ne4
$16 {[%cal Ge4d6,Ge4f6]} Qc7 $146 (15... Bc6 {Sokolov,I (2662)-Markowski,T 
(2560) EU-ch 6th Warsaw 2005 (6) 1-0}) 16. Ba3 {01h22 Les blancs semblent
toujours suivre une préparation maison car ils continuent а jouer trés vite.} (
16. Nd6 Bc6 17. Bd2 {[%cal Gd2c3]}) 16... Rfb8 {La partie sera ensuite trop
courte pour comprendre l'idée de ce coup assez mystérieux} 17. Bf1 (17. Qc2
cxd4 {[%cal Gc7c4]}) 17... Bc6 (17... Nf4 $5 {[%cal Gb7g2,Gf4g2]}) 18. Rad1 {
01h07} Ne7 1/2-1/2

[Event "Rohde op 12th"]
[Site "Sautron"]
[Date "2012.10.28"]
[Round "2"]
[White "Le Roux, Jean Pierre"]
[Black "Karpatchev, Aleksandr"]
[Result "1-0"]
[WhiteElo "2563"]
[BlackElo "2458"]
[Annotator "Primel,D"]
[PlyCount "101"]
[EventDate "2012.10.27"]
[EventType "swiss"]
[EventRounds "9"]
[EventCountry "FRA"]
[SourceTitle "EXT 2014"]
[Source "ChessBase"]
[SourceDate "2013.11.20"]
[SourceVersion "1"]
[SourceVersionDate "2013.11.20"]
[SourceQuality "1"]
[TimeControl "40/5400+30:1800+30"]
[WhiteClock "1:30:00"]
[BlackClock "1:30:00"]

1. d4 {[%emt 0:00:00]} d5 {[%emt 0:00:00]} 2. Nf3 {[%emt 0:00:12]} Nf6 {
[%emt 0:01:02]} 3. c4 {[%emt 0:01:02]} dxc4 {[%emt 0:00:32]} (3... c6 4. Nc3
dxc4 5. a4 e6 6. e4 Bb4 7. e5 Nd5 8. Bd2 b5 9. axb5 Bxc3 10. bxc3 cxb5 11. Ng5
{Donne un millieu de jeu assez proche de la partie}) 4. Nc3 {[%emt 0:01:21]} (
4. e3 {La grande ligne}) 4... a6 $1 {[%emt 0:00:53]} 5. e4 {[%emt 0:12:36] Le
meilleur coup mais le breton a hésité dans son choix} (5. a4 $142 Nc6 $132)
5... b5 {[%emt 0:00:58]} 6. e5 {[%emt 0:00:09]} Nd5 {[%emt 0:00:06]} 7. Ng5 {
[%emt 0:00:16]} (7. a4 Nxc3 8. bxc3 Qd5) 7... e6 {[%emt 0:18:43]} 8. Qh5 {
[%emt 0:00:56]} (8. Qf3 $143 {Bogoljubow,E-Alekhine,A World Championship 15th
1934 (17) 0-1}) 8... Qe7 {[%emt 0:03:52]} (8... Qd7 9. Be2 Bb7 10. O-O h6 11.
Bg4 g6 12. Qh3 Nxc3 13. bxc3 Bd5 14. Bf3 Qc6 15. a4 Be7 16. Re1 Bxf3 17. gxf3
Bxg5 18. Bxg5 Nd7 19. Bf6 Rh7 20. d5 Qxd5 21. Red1 Qc6 22. axb5 axb5 23. Rxa8+
{Rogers,I (2569)-D'Costa,L (2352)/Amsterdam 2005/CBM 107 ext/1-0 (35)}) 9. Be2
{[%emt 0:07:51]} g6 {[%emt 0:06:23]} 10. Qh3 $1 $146 {[%emt 0:03:33]} ({RR} 10.
Qf3 Bb7 11. Nge4 Nd7 12. Bg5 Qb4 13. a3 Qxb2 14. Ra2 Nxc3 15. Rxb2 Nxe4 16.
Bxc4 Nd6 17. Be2 Bxf3 18. Bxf3 Nc4 {0-1 Nester,I (2354)-Brodowski,P (2365)/
Gdansk 2007/CBM 119 ext}) 10... Bb7 {[%emt 0:09:29]} 11. Bf3 {[%emt 0:07:06]} (
11. O-O $5 h6 12. Nge4 Bg7 13. Nc5 Nxc3 14. bxc3 Bd5 15. a4 $1 {[%cal Ga1a8,
Gc1a3]} Nd7 16. Ba3 $14) 11... h6 {[%emt 0:15:29] Chasse le N mais les Noirs
auront ensuite du mal а roquer а cause de la pression sur le P"h6"} 12. O-O {
[%emt 0:08:35]} Bg7 {[%emt 0:01:38]} 13. Nge4 {[%emt 0:00:58][%csl Gc5,Gf6] La
position est assez proche d'un gambit Slave mais les Noirs n'ont pas affaibli
la case "d6"} Nd7 {[%emt 0:00:46]} 14. Re1 {[%emt 0:12:45]} Kf8 {[%emt 0:08:59]
[%cal Gf8g8,Gg8h7] Les Noirs sont obligés de "roquer а la main"} 15. Bd2 {
[%emt 0:04:52]} Rb8 {[%emt 0:04:54]} (15... Nb4 $5 {[%cal Gb4d3]}) (15... Kg8 {
[%cal Gg8h7]}) 16. Rad1 $16 {[%emt 0:12:50] Les pièces Blanches sont
maintenant plus actives} Kg8 {[%emt 0:01:53]} 17. a3 {[%emt 0:01:47]} Nxc3 $5 {
[%emt 0:05:39][%cal Gb7e4,Gd7b6,Gb6d5] Début d'une simplification au centre
afin d'activer le Nd7} 18. Bxc3 {[%emt 0:02:39]} Bxe4 {[%emt 0:08:47] Les
Noirs commençaient а être en gros retard а la pendule mais le Bb7 était une
des rares pièces actives des Noirs} 19. Bxe4 {[%emt 0:02:11]} Kh7 {[%emt 0:00:
19]} 20. Bc6 $1 {[%emt 0:04:03]} (20. d5 $6 exd5 21. Bxd5 Nb6 22. Bb4 c5 23.
Ba5 Nxd5 24. Rxd5 b4 {[%csl Ra5]}) 20... Nb6 {[%emt 0:01:14]} 21. Qf3 {[%emt 0:
01:09]} Nd5 $6 {[%emt 0:05:30] Les Noirs ont maintenant moins de 05 mns pour
passer le contrôle de temps et ils décident de sacrifier un P.} 22. Bxd5 {
[%emt 0:00:48]} exd5 {[%emt 0:00:01]} 23. Qxd5 {[%emt 0:00:21]} Qe6 {[%emt 0:
01:48]} 24. Qxe6 {[%emt 0:02:04]} (24. Qe4 {[%cal Gd4d5]} c6 25. d5 {[%csl Gd1]
[%cal Gf2f4,Gf4f5]}) 24... fxe6 {[%emt 0:00:01]} 25. d5 $1 $32 {[%emt 0:00:05]
Curieusement au 25ème coup, les Noirs sont encore en retard de développement!}
Rhe8 {[%emt 0:02:27]} 26. d6 $36 {[%emt 0:03:03]} cxd6 {[%emt 0:00:17]} 27.
Rxd6 {[%emt 0:00:04][%csl Ra6,Re6,Rg7]} Ra8 {[%emt 0:00:37]} 28. Red1 {[%emt 0:
01:08]} Bf8 {[%emt 0:01:02]} 29. Rb6 {[%emt 0:00:53][%cal Gb6b7,Gd1d7]} Kg8 {
[%emt 0:00:31]} (29... Ra7 {Passif mais les Noirs évitent Rd7} 30. Kf1) 30. Rd7
{[%emt 0:01:22][%cal Gb6b7]} Red8 {[%emt 0:00:32]} 31. Rxd8 $1 {[%emt 0:00:48]}
(31. Rbb7 $143 Rxd7 32. Rxd7) 31... Rxd8 {[%emt 0:00:00]} 32. Kf1 {[%emt 0:00:
08] Le gauigampais a une excellent finale même si le P"e5" gêne une peu le Bc3
mais il contrôle des cases importantes.} Kf7 {[%emt 0:00:58]} 33. Rxa6 {
[%emt 0:02:00]} (33. f4 g5) 33... g5 {[%emt 0:00:23][%cal Gf7g6,Gg6f5]} 34. Ke2
{[%emt 0:03:53]} Rd5 {[%emt 0:00:06]} 35. g3 {[%emt 0:01:03][%cal Gf2f4]} g4 {
[%emt 0:00:47]} 36. f4 {[%emt 0:01:01]} gxf3+ {[%emt 0:00:41]} 37. Kxf3 {
[%emt 0:00:04]} Bc5 {[%emt 0:00:13]} 38. Ke4 $36 {[%emt 0:01:45]} h5 {[%emt 0:
00:41][%cal Gc5g1]} 39. Ra5 {[%emt 0:00:48]} Bb6 {[%emt 0:00:02]} (39... Bg1
40. h3) 40. Ra8 {[%emt 0:00:00]} Bg1 {[%emt 0:00:00]} 41. Rh8 {[%emt 0:09:13]}
Bxh2 {[%emt 0:09:31]} 42. g4 $1 {[%emt 0:04:26]} Kg7 {[%emt 0:00:11]} 43. Rxh5
{[%emt 0:00:15][%csl Gg4]} Bg1 {[%emt 0:00:05]} 44. g5 {[%emt 0:01:37]} Rd3 $2
{[%emt 0:18:15] Comme souvent le camp en infériorité se déconcentre juste
après le passage du contrôle de temps} 45. Rh6 $18 {[%emt 0:01:07]} Bc5 {
[%emt 0:00:42]} 46. Rxe6 {[%emt 0:00:34]} Bxa3 {[%emt 0:00:07]} 47. Rc6 {
[%emt 0:07:03]} Be7 {[%emt 0:01:58]} 48. Rc7 {[%emt 0:00:56]} Kf8 {[%emt 0:00:
40]} 49. g6 {[%emt 0:02:21]} Rg3 {[%emt 0:00:11]} 50. Rc8+ {[%emt 0:02:19]} Kg7
{[%emt 0:00:30]} 51. e6+ {[%emt 0:00:10]} 1-0